LEADER 03666pam 2200673 a 450 001 9910345137603321 005 20230828210835.0 035 $a(CKB)1000000000772668 035 $a(MH)008176406-5 035 $a(SSID)ssj0000448221 035 $a(PQKBManifestationID)12157708 035 $a(PQKBTitleCode)TC0000448221 035 $a(PQKBWorkID)10401251 035 $a(PQKB)11013316 035 $a(EXLCZ)991000000000772668 100 $a19931206d1999 uy 0 101 0 $aeng 181 $ctxt 182 $cc 183 $acr 200 10$aBureaucracy vs. democracy in the minds of bureaucrats $eto what extent are these ideologies compatible with one another? /$fSung-Don Hwang$b[electronic resource] 210 $aNew York $cP. Lang$dc1999 215 $a1 online resource (x, 262 p. )$cill. ; 225 0 $aMajor concepts in politics and political theory Bureaucracy vs. democracy in the minds of bureaucrats 225 0$aMajor concepts in politics and political theory,$x1059-3535 ;$vvol. 7 300 $aBibliographic Level Mode of Issuance: Monograph 311 $a0-8204-2437-4 320 $aIncludes bibliographical references (p. [239]-252) and index. 327 $g1.$tIntroduction --$gpt. I.$tThe Debates.$g2.$tDebates about the Compatibility Thesis in the Field of Organizational Theory.$g3.$tDebates about the Compatibility Thesis in the Field of Public Administration.$g4.$tSpecification of the Conceptual Components of, and the Relationships Between, Bureaucratic and Democratic Ideologies --$gpt. II.$tThe Evidence.$g5.$tStrategy of Empirical Inquiry.$g6.$tEmpirical Findings and Discussions --$gpt. III.$tConclusion.$g7.$tSummary and Suggestions for Further Research. 330 1 $a"Bureaucracy vs. Democracy in the Minds of Bureaucrats deals with a central theme highlighted in debates about the principles of governing society: the relationship between bureaucracy and democracy. Taking the psycho-cultural approach, this book focuses on the extent to which the two ideologies are perceived as being compatible or incompatible with one another in the minds of bureaucrats. Within the frameworks of LISREL and Q. 330 8 $aMethodology, it juxtaposes theoretical understandings of the relationship between bureaucracy and democracy with those actually understood by bureaucrats. This book also examines major factors that affect the relationship between bureaucratic and democratic ideologies postulated in the minds of bureaucrats."--Jacket. 606 $aBureaucracy 606 $aDemocracy 606 $aIdeology 606 $aBureaucracy 606 $aDemocracy 606 $aIdeology 606 $aGovernment - General$2HILCC 606 $aPolitical Institutions & Public Administration - General$2HILCC 606 $aLaw, Politics & Government$2HILCC 615 0$aBureaucracy. 615 0$aDemocracy. 615 0$aIdeology. 615 0$aBureaucracy. 615 0$aDemocracy. 615 0$aIdeology. 615 7$aGovernment - General 615 7$aPolitical Institutions & Public Administration - General 615 7$aLaw, Politics & Government 676 $a302.3/5 700 $aHwang$b Sung-Don$f1957-$0960306 801 0$bDLC 801 1$bDLC 801 2$bDLC 906 $aBOOK 912 $a9910345137603321 996 $aBureaucracy vs. democracy in the minds of bureaucrats$92176678 997 $aUNINA 999 $aThis Record contains information from the Harvard Library Bibliographic Dataset, which is provided by the Harvard Library under its Bibliographic Dataset Use Terms and includes data made available by, among others the Library of Congress LEADER 02409nam0 22005413i 450 001 VAN00256841 005 20250127040546.448 017 70$2N$a9783642662430 100 $a20230411d1976 |0itac50 ba 101 $aeng 102 $aDE 105 $a|||| ||||| 200 1 $aElements of the Theory of Representations$fA. A. Kirillov$gTranslated from the Russian by Edwin Hewitt 210 $aBerlin$cSpringer$d1976 215 $axi, 315 p.$d24 cm 410 1$1001VAN00024107$12001 $aGrundlehren der mathematischen Wissenschaften$eA series of comprehensive texts in mathematics$1210 $aBerlin [etc.]$cSpringer$d1921-$v220 500 1$3VAN00256843$aElementy teorii predstavlenii$93082865 606 $a20Cxx$xRepresentation theory of groups [MSC 2020]$3VANC019743$2MF 606 $a22-XX$xTopological groups, Lie groups [MSC 2020]$3VANC020459$2MF 606 $a22A25$xRepresentations of general topological groups and semigroups [MSC 2020]$3VANC024321$2MF 606 $a22Dxx$xLocally compact groups and their algebras [MSC 2020]$3VANC025680$2MF 606 $a22Exx$xLie groups [MSC 2020]$3VANC020588$2MF 606 $a43-XX$xAbstract harmonic analysis [MSC 2020]$3VANC021258$2MF 610 $aAlgebra$9KW:K 610 $aCohomology$9KW:K 610 $aCommutative groups$9KW:K 610 $aFinite Groups$9KW:K 610 $aGroup representations$9KW:K 610 $aLie Algebras$9KW:K 610 $aLie groups$9KW:K 610 $aLocally compact groups$9KW:K 610 $aManifolds$9KW:K 610 $aMatrix$9KW:K 610 $aOperator algebras$9KW:K 610 $aRings$9KW:K 610 $aTransformation groups$9KW:K 620 $dBerlin$3VANL000066 700 1$aKirillov$bAleksander A.$3VANV044020$0725909 702 1$aHewitt$bEdwin$3VANV024771$4730 712 $aSpringer $3VANV108073$4650 801 $aIT$bSOL$c20250926$gRICA 856 4 $uhttps://doi.org/10.1007/978-3-642-66243-0$zE-book ? Accesso al full-text attraverso riconoscimento IP di Ateneo, proxy e/o Shibboleth 899 $aBIBLIOTECA DEL DIPARTIMENTO DI MATEMATICA E FISICA$1IT-CE0120$2VAN08 912 $fN 912 $aVAN00256841 950 $aBIBLIOTECA DEL DIPARTIMENTO DI MATEMATICA E FISICA$d08DLOAD e-book 5944 $e08eMF5944 20230627 996 $aElementy teorii predstavlenii$93082865 997 $aUNICAMPANIA